[Event "New York Marshall CC 04"]
[Site "New York"]
[Date "2025.04.20"]
[Round "4"]
[White "Cheung, Kyle"]
[Black "Knowles, Chase"]
[Result "0-1"]
[WhiteElo "1934"]
[BlackElo "1968"]
[PlyCount "66"]
[EventDate "2025.04.18"]
[EventType "swiss"]
[EventRounds "5"]
[EventCountry "USA"]
[SourceTitle "CB17_2025"]
[SourceDate "2025.04.23"]
[SourceVersion "1"]
[SourceVersionDate "2025.04.23"]
[SourceQuality "1"]

1. e4 e6 2. d4 d5 3. e5 c5 4. c3 Nc6 5. Nf3 Bd7 6. Be2 f6 7. 0-0 Qc7 8. Bf4 0-0-0 9. h4 h6 10. h5 Be8 11. g4 fxe5 12. Nxe5 Bd6 13. Nxc6 Bxf4 14. Nxd8 Qxd8 15. Kg2 g6 16. hxg6 Bxg6 17. Bd3 Qg5 18. Bxg6 Qxg6 19. Qe2 h5 20. Rh1 Nh6 21. Rxh5 Rg8 22. Rxh6 Qxh6 23. Qf3 Rh8 24. Na3 Qh2+ 25. Kf1 Qh1+ 26. Ke2 Qxa1 27. Qxf4 Qxb2+ 28. Kf1 Qa1+ 29. Ke2 Qxa2+ 30. Kf1 Qxa3 31. g5 Qa1+ 32. Ke2 Qb2+ 33. Kf1 Qb1+ 0-1

[Event "New York Marshall CC 04"]
[Site "New York"]
[Date "2025.04.20"]
[Round "5"]
[White "Knowles, Chase"]
[Black "Baker, Aidan"]
[Result "0-1"]
[WhiteElo "1968"]
[BlackElo "1992"]
[PlyCount "76"]
[EventDate "2025.04.18"]
[EventType "swiss"]
[EventRounds "5"]
[EventCountry "USA"]
[SourceTitle "CB17_2025"]
[SourceDate "2025.04.23"]
[SourceVersion "1"]
[SourceVersionDate "2025.04.23"]
[SourceQuality "1"]

1. Nf3 d5 2. c4 c6 3. e3 Nf6 4. Nc3 e6 5. b3 Nbd7 6. Bb2 Bd6 7. Qc2 0-0 8. Be2 b6 9. Rg1 Ne5 10. Nxe5 Bxe5 11. f4 Bc7 12. g4 d4 13. g5 dxc3 14. gxf6 Qxd2+ 15. Qxd2 cxd2+ 16. Kxd2 g6 17. Raf1 Rd8+ 18. Kc2 Kf8 19. h4 e5 20. Bd3 Bh3 21. Rf2 exf4 22. exf4 h5 23. Be4 Bd6 24. Rg5 Bc5 25. Rh2 Bg4 26. f5 gxf5 27. Bxf5 Bd6 28. Bxg4 hxg4 29. Rg2 g3 30. Be5 Bxe5 31. Rxe5 Rd6 32. Rf5 Re8 33. Rxg3 Re2+ 34. Kc3 Rdd2 35. a3 c5 36. b4 Ra2 37. Kb3 Reb2+ 38. Ka4 Rxb4# 0-1

[Event "New York Marshall CC 04"]
[Site "New York"]
[Date "2025.04.18"]
[Round "1"]
[White "Liu, Grant"]
[Black "Knowles, Chase"]
[Result "0-1"]
[WhiteElo "1756"]
[BlackElo "1968"]
[PlyCount "64"]
[EventDate "2025.04.18"]
[EventType "swiss"]
[EventRounds "5"]
[EventCountry "USA"]
[SourceTitle "CB17_2025"]
[SourceDate "2025.04.23"]
[SourceVersion "1"]
[SourceVersionDate "2025.04.23"]
[SourceQuality "1"]

1. d4 d5 2. c4 c6 3. cxd5 cxd5 4. Nc3 Nf6 5. Nf3 Nc6 6. Bf4 Qb6 7. a3 a6 8. e3 Bg4 9. b4 Qd8 10. Rc1 Nh5 11. Bg5 h6 12. Bh4 g5 13. Bg3 Nxg3 14. hxg3 e6 15. Be2 Rc8 16. Na4 a5 17. b5 Nb8 18. 0-0 Bxa3 19. Ra1 Bd6 20. Nc5 Qe7 21. Qd2 b6 22. Nd3 f6 23. Rfc1 0-0 24. Nh2 Bf5 25. f4 Bxd3 26. Qxd3 f5 27. Nf3 g4 28. Nd2 Bb4 29. Kf2 Kg7 30. Nb3 Qb7 31. Bd1 Nd7 32. Rxc8 Rxc8 0-1

[Event "Edward Lasker Memorial 108th"]
[Site "New York"]
[Date "2024.12.15"]
[Round "6"]
[White "Knowles, Chase"]
[Black "Dedona, Mark"]
[Result "1-0"]
[WhiteElo "2006"]
[BlackElo "1919"]
[PlyCount "63"]
[EventDate "2024.12.12"]
[EventType "swiss"]
[EventRounds "7"]
[EventCountry "USA"]
[SourceTitle "CB51_2024"]
[SourceDate "2024.12.18"]
[SourceVersion "1"]
[SourceVersionDate "2024.12.18"]
[SourceQuality "1"]

1. Nf3 c5 2. c4 Nf6 3. Nc3 Nc6 4. d4 cxd4 5. Nxd4 g6 6. e4 d6 7. Be2 Bg7 8. Be3 0-0 9. 0-0 Nd7 10. Rc1 a6 11. f4 Nxd4 12. Bxd4 e5 13. Be3 exf4 14. Bxf4 Ne5 15. Qd2 Be6 16. Nd5 b5 17. cxb5 axb5 18. a3 Bxd5 19. Qxd5 Qb6+ 20. Kh1 Rab8 21. Rcd1 Qc5 22. b4 Qxd5 23. Rxd5 Ra8 24. Bc1 Nc4 25. Rxb5 Nxa3 26. Rb7 Nc2 27. Bc4 Kh8 28. Bf4 Be5 29. Bh6 Rab8 30. Rfxf7 d5 31. Rxh7+ Kg8 32. Bxd5+ 1-0

[Event "New York Marshall op"]
[Site "New York"]
[Date "2024.10.05"]
[Round "1"]
[White "Knowles, Chase"]
[Black "Hebbar, Eshaan"]
[Result "0-1"]
[WhiteElo "1966"]
[BlackElo "2130"]
[PlyCount "84"]
[EventDate "2024.10.05"]
[EventType "swiss"]
[EventRounds "5"]
[EventCountry "USA"]
[SourceTitle "CB45_2024"]
[Source "ChessBase"]
[SourceDate "2024.11.06"]
[SourceVersion "1"]
[SourceVersionDate "2024.11.06"]
[SourceQuality "1"]

1. Nf3 Nf6 2. c4 g6 3. Nc3 Bg7 4. e4 d6 5. d4 0-0 6. Be2 e5 7. d5 a5 8. Bg5 h6 9. Be3 Ng4 10. Bd2 f5 11. h3 Nf6 12. exf5 gxf5 13. Qc1 Kh7 14. g4 Ne4 15. Nxe4 fxe4 16. Qc2 Nd7 17. Qxe4+ Kg8 18. Be3 Qe7 19. 0-0-0 b6 20. Rhg1 Nc5 21. Qc2 Bd7 22. Nd2 e4 23. h4 Na4 24. Nxe4 Nxb2 25. g5 Nxd1 26. Nf6+ Rxf6 27. gxf6 Qxf6 28. Kxd1 Bf5 29. Bd3 Bxd3 30. Qxd3 Qa1+ 31. Bc1 Rf8 32. Qe3 Kh8 33. Rg6 Qb1 34. Re6 Qf5 35. Ke1 Qg4 36. Re4 Qg6 37. Ke2 Qg2 38. Bd2 Rxf2+ 39. Kd1 Rxd2+ 40. Ke1 Rxa2 41. Re8+ Kh7 42. Qd3+ Qg6 0-1

[Event "New York Marshall CC op-B"]
[Site "New York"]
[Date "2024.09.08"]
[Round "4"]
[White "Bonin, Jay R"]
[Black "Knowles, Chase"]
[Result "1-0"]
[WhiteElo "2129"]
[BlackElo "1976"]
[PlyCount "85"]
[EventDate "2024.09.07"]
[EventType "swiss"]
[EventRounds "5"]
[EventCountry "USA"]
[SourceTitle "EXT 2025"]
[Source "ChessBase"]
[SourceDate "2024.10.14"]
[SourceVersion "1"]
[SourceVersionDate "2024.10.14"]
[SourceQuality "1"]

1. Nc3 d5 2. e4 e6 3. a3 Nf6 4. Qf3 d4 5. Nb1 Nc6 6. Bb5 Bd7 7. Bxc6 Bxc6 8. d3 b5 9. Bf4 Bb7 10. Ne2 c5 11. Nd2 Bd6 12. Bxd6 Qxd6 13. Qg3 Qxg3 14. hxg3 a5 15. a4 b4 16. f3 Ke7 17. g4 h6 18. Ng3 Ba6 19. b3 Nd7 20. Nh5 g6 21. Nf4 Ne5 22. Ke2 Kf6 23. Rh2 Kg7 24. Rah1 Nc6 25. g3 Ne7 26. Nh3 e5 27. g5 h5 28. Nf2 Rh7 29. Ng4 Nc6 30. Nf6 Rhh8 31. g4 Bc8 32. gxh5 Be6 33. hxg6 Rxh2+ 34. Rxh2 Kxg6 35. f4 exf4 36. Nf3 Rc8 37. Rh6+ Kg7 38. Nh5+ Kg8 39. g6 Ne7 40. g7 Ng6 41. Ne5 f3+ 42. Kf2 Re8 43. Rxg6 1-0